000 01745cam a22004454i 4500
003 PE-LiUPU
005 20250731173031.0
008 150623s r 000 0 d
020 _a0842379800
035 _a(Sirsi) i9780842379809
040 _aPE-LiUPU
_bspa
_cPE-LiUPU
_erda
049 _aPRUA
082 0 4 _a269.2
_bL75
_221
100 1 _aLockerbie, Jeanette,
_eautor.
245 1 0 _aWhen blood flows, the heart grows softer /
_cJeanette Lockerbie.
264 1 _aHarrisburg, Pensylvania :
_bChristian Publications, Inc.,
_c1976.
300 _a218 páginas :
_bilustraciones fotos ;
_c21 centímetros
336 _atext
_2rdacontent
337 _aunmediated
_2rdamedia
338 _avolume
_2rdacarrier
505 0 _afisty years and a dream. -Who are these Khmers? -The idol-maker's son. -Wheelchairs, Noah's ark and a warehouse. -But who is the monkey's ancestor?. -The grat one has come. -The Lord's work walks on. -Heartbreak and triunph. -Sonething more than Budism. -Exodus with unity. -Missionaries in limbo. -The laymen God's VIPs. -The last message.
526 _aSEG42
526 _aSEG41
526 _aSEG40
526 _aSEG39
526 _aP94
526 _aP87
526 _aP86
526 _aP85
526 _aP77
526 _aP76
526 _aP35
650 0 4 _aMisiones
_zCambodia.
942 _2ddc
_cBOOK
949 _a269.2 L75
_wDEWEY
_c1
_i48142
_lCCODEBUL1
_mBUL
_r0
_sY
_tBOOK
_u2015-6-24
_xTEOLOGIA
_PP35
_0COMPRA
_o.STAFF. Colección General
994 _aC0
_bPEPRU
596 _a1
999 _a269.2 L75
_wDEWEY
_c25115
_i48142
_f2021-11-10
_g5
_lCCODEBUL1
_mBUL
_r0
_sY
_tBOOK
_u2015-6-24
_xTEOLOGIA
_PP35
_0COMPRA
_o.STAFF. Colección General
_d25115
980 _81
_gALBERTO SANCHEZ Responsable de Automatización